[Event "VIE-chT (Women)"]
[Site "Ho Chi Minh City"]
[Date "2019.09.30"]
[Round "7.23"]
[White "Nguyen, Thi Thao Linh"]
[Black "Nguyen, Ngoc Thien Thanh"]
[Result "1/2-1/2"]
[WhiteElo "1836"]
[BlackElo "1817"]
[PlyCount "101"]
[EventDate "2019.09.26"]
[EventType "swiss"]
[EventRounds "9"]
[EventCountry "VIE"]
[SourceTitle "EXT 2020"]
[Source "ChessBase"]
[SourceDate "2019.10.17"]
[SourceVersion "1"]
[SourceVersionDate "2019.10.17"]
[SourceQuality "1"]

1. d4 Nf6 2. Nf3 d5 3. e3 Bf5 4. Bd3 Bxd3 5. Qxd3 Nc6 6. 0-0 e6 7. b3 Bd6 8. Bb2 0-0 9. c4 Nb4 10. Qe2 dxc4 11. bxc4 c5 12. Nc3 Nc6 13. Rfd1 cxd4 14. exd4 Re8 15. Ne5 Rc8 16. Rac1 a6 17. f4 Nxd4 18. Qf2 Bc5 19. Kf1 Qe7 20. Rxd4 Bxd4 21. Qxd4 Qb4 22. Ne2 Red8 23. Qc3 Qa4 24. Qb3 Qxb3 25. axb3 Ne4 26. Nd4 f6 27. Nef3 Nc5 28. Ke2 e5 29. fxe5 fxe5 30. Nf5 Rc7 31. Bxe5 Rcd7 32. N5d4 Re7 33. b4 Rxd4 34. bxc5 Re4+ 35. Kd3 R4xe5 36. Nxe5 Rxe5 37. Kd4 Re2 38. Rb1 Re7 39. Rb6 Rd7+ 40. Ke5 Kf7 41. c6 bxc6 42. Rxa6 Rd2 43. Rxc6 Rxg2 44. c5 Rxh2 45. Rc7+ Kg6 46. Ra7 h5 47. c6 h4 48. c7 Rc2 49. Kd6 h3 50. Ra3 h2 51. Rh3 1/2-1/2

[Event "VIE-ch U11 Girls"]
[Site "Ho Chi Minh City"]
[Date "2014.07.17"]
[Round "8"]
[White "Nguyen, Ngoc Thien Thanh"]
[Black "Pham, Nguyen Quynh Anh"]
[Result "1-0"]
[WhiteElo "1713"]
[BlackElo "1749"]
[PlyCount "57"]
[EventDate "2014.07.13"]
[EventType "swiss"]
[EventRounds "9"]
[EventCountry "VIE"]
[SourceTitle "EXT 2016"]
[Source "ChessBase"]
[SourceDate "2015.10.08"]
[SourceVersion "1"]
[SourceVersionDate "2015.10.08"]
[SourceQuality "1"]

1. e4 d5 2. exd5 Qxd5 3. Nc3 Qa5 4. Nf3 Bf5 5. Bb5+ c6 6. Bc4 Nf6 7. 0-0 e6 8. a3 Bg4 9. h3 Bh5 10. d3 Nbd7 11. Be3 Bd6 12. b4 Qc7 13. Qd2 Bxf3 14. gxf3 0-0 15. b5 g5 16. Kh1 h6 17. bxc6 Qxc6 18. Ne4 Bb8 19. Rg1 Nxe4 20. fxe4 Qd6 21. Rg2 Ne5 22. Qc3 Bc7 23. d4 Nf3 24. e5 Qe7 25. Rg3 Nh4 26. Rg4 Rab8 27. Rb1 f6 28. Bxe6+ Qxe6 29. Qxc7 1-0

[Event "VIE-ch U11 Girls"]
[Site "Ho Chi Minh City"]
[Date "2014.07.15"]
[Round "4"]
[White "Hau, Nguyen My Kim"]
[Black "Nguyen, Ngoc Thien Thanh"]
[Result "0-1"]
[WhiteElo "1736"]
[BlackElo "1713"]
[PlyCount "42"]
[EventDate "2014.07.13"]
[EventType "swiss"]
[EventRounds "9"]
[EventCountry "VIE"]
[SourceTitle "EXT 2016"]
[Source "ChessBase"]
[SourceDate "2015.10.08"]
[SourceVersion "1"]
[SourceVersionDate "2015.10.08"]
[SourceQuality "1"]

1. e4 e5 2. g3 Bc5 3. Bg2 Nf6 4. Nc3 Nc6 5. Nf3 0-0 6. 0-0 d6 7. d3 h6 8. b3 Bg4 9. Bb2 Nd4 10. Re1 Nh5 11. h3 Bxf3 12. Bxf3 Nxf3+ 13. Qxf3 Qg5 14. Kf1 f5 15. exf5 Rxf5 16. Qg4 Rxf2+ 17. Kg1 Rf4+ 18. Kg2 Rxg4 19. hxg4 Qxg4 20. Re4 Qxg3+ 21. Kf1 Qf2# 0-1

[Event "VIE-ch U11 Girls"]
[Site "Ho Chi Minh City"]
[Date "2014.07.15"]
[Round "5"]
[White "Le, Hong Minh Ngoc"]
[Black "Nguyen, Ngoc Thien Thanh"]
[Result "1-0"]
[WhiteElo "1723"]
[BlackElo "1713"]
[PlyCount "65"]
[EventDate "2014.07.13"]
[EventType "swiss"]
[EventRounds "9"]
[EventCountry "VIE"]
[SourceTitle "EXT 2016"]
[Source "ChessBase"]
[SourceDate "2015.10.08"]
[SourceVersion "1"]
[SourceVersionDate "2015.10.08"]
[SourceQuality "1"]

1. e4 e5 2. Nf3 Nc6 3. Nc3 Nf6 4. Bc4 Bc5 5. d3 h6 6. 0-0 d6 7. h3 0-0 8. a3 Nh5 9. Nxe5 Ng3 10. Nxc6 bxc6 11. Re1 Qh4 12. d4 Bb6 13. fxg3 Qxg3 14. Re3 Qg6 15. Na4 Be6 16. Nxb6 cxb6 17. Bd3 Qf6 18. c3 Rad8 19. Rf3 Qe7 20. Rg3 g5 21. Qh5 Kg7 22. Bxg5 hxg5 23. Rxg5+ Qxg5 24. Qxg5+ Kh8 25. e5 f5 26. exf6 Rf7 27. Bg6 Rfd7 28. Qh6+ Kg8 29. f7+ Bxf7 30. Qh7+ Kf8 31. Rf1 Re7 32. Rxf7+ Rxf7 33. Qxf7# 1-0

[Event "VIE-ch U11 Girls"]
[Site "Ho Chi Minh City"]
[Date "2014.07.14"]
[Round "3"]
[White "Nguyen, Ngoc Thien Thanh"]
[Black "Nguyen, Huu Bich Khoa"]
[Result "0-1"]
[WhiteElo "1713"]
[BlackElo "1737"]
[PlyCount "64"]
[EventDate "2014.07.13"]
[EventType "swiss"]
[EventRounds "9"]
[EventCountry "VIE"]
[SourceTitle "EXT 2016"]
[Source "ChessBase"]
[SourceDate "2015.10.08"]
[SourceVersion "1"]
[SourceVersionDate "2015.10.08"]
[SourceQuality "1"]

1. e4 e5 2. Bc4 Nf6 3. Nc3 Nc6 4. Nf3 Bc5 5. d3 h6 6. 0-0 d6 7. h3 0-0 8. a3 Be6 9. Be3 Bxe3 10. fxe3 Bxc4 11. dxc4 Re8 12. Nh4 Nxe4 13. Nxe4 Qxh4 14. Qf3 Rf8 15. Kh2 Qe7 16. Qg3 f5 17. Nd2 Rf6 18. Rf2 Raf8 19. Raf1 Qe6 20. Qh4 Rg6 21. e4 f4 22. Kg1 a6 23. g4 Nd4 24. Nf3 Qxc4 25. Nxd4 Qxd4 26. Qe7 Qxe4 27. Qxc7 h5 28. Qd7 f3 29. Kh2 hxg4 30. hxg4 Qf4+ 31. Kg1 Qg3+ 32. Rg2 Qxg2# 0-1